[Event "Gibtelecom Masters 8th"]
[Site "Gibraltar"]
[Date "2010.01.27"]
[Round "2.8"]
[White "Boskovic, Drasko"]
[Black "Gustafsson, Jan"]
[Result "0-1"]
[WhiteElo "2454"]
[BlackElo "2627"]
[PlyCount "76"]
[EventDate "2010.01.26"]
[EventType "swiss"]
[EventRounds "10"]
[EventCountry "GGB"]
[SourceDate "2005.02.07"]

1. e4 e5 2. Nf3 Nc6 3. Bc4 Nf6 4. d3 Be7 5. Nc3 d6 6. h3 Na5 7. Bb3 O-O 8. O-c6 9. d4 Qc7 10. Be3 Re8 11. Re1 Nxb3 12. axb3 b5 13. b4 Bf8 14. Bg5 Nd7 15Qd3 Bb7 16. d5 a6 17. dxc6 Bxc6 18. Nd5 Qb7 19. Red1 Bxd5 20. Qxd5 Qxd5 21Rxd5 h6 22. Be3 Nf6 23. Rd3 d5 24. Rda3 d4 25. Bd2 Nxe4 26. Be1 Re6 27. Ra5 Rc8
28. Rxa6 Rxa6 29. Rxa6 f6 30. c3 dxc3 31. bxc3 Nxc3 32. Bxc3 Rxc3 33. Rb6 Rc1+
34. Kh2 Rc2 35. Kg3 Bxb4 36. Rxb5 Bc5 37. Rb8+ Kh7 38. Rd8 Bxf2+ 0-1

[Event "Gibtelecom Masters 8th"]
[Site "Gibraltar"]
[Date "2010.01.27"]
[Round "2.9"]
[White "Sandipan, Chanda"]
[Black "Krush, Irina"]
[Result "1-0"]
[WhiteElo "2622"]
[BlackElo "2455"]
[PlyCount "59"]
[EventDate "2010.01.26"]
[EventType "swiss"]
[EventRounds "10"]
[EventCountry "GGB"]
[SourceDate "2005.02.07"]

1. d4 d5 2. c4 c6 3. Nf3 Nf6 4. Nc3 dxc4 5. a4 Bf5 6. e3 e6 7. Bxc4 Bb4 8. O-Nbd7 9. Qe2 Bg4 10. h3 Bh5 11. Rd1 O-O 12. e4 Qe7 13. Na2 Ba5 14. Bg5 h6 15Bh4 e5 16. g4 Bg6 17. d5 Qe8 18. dxc6 bxc6 19. b4 Bd8 20. Nc3 a5 21. b5 Nb6 22Bb3 cxb5 23. Nxb5 Nxe4 24. Nd6 Nxd6 25. Rxd6 Bxh4 26. Rxg6 Bf6 27. Qe3 e4 28Rxf6 gxf6 29. Qxh6 Qd8 30. Nh4 1-0

[Event "Gibtelecom Masters 8th"]
[Site "Gibraltar"]
[Date "2010.01.27"]
[Round "2.10"]
[White "Koneru, Humpy"]
[Black "Vernay, Clovis"]
[Result "1/2-1/2"]
[WhiteElo "2614"]
[BlackElo "2442"]
[PlyCount "121"]
[EventDate "2010.01.26"]
[EventType "swiss"]
[EventRounds "10"]
[EventCountry "GGB"]
[SourceDate "2005.02.07"]

1. d4 d5 2. c4 c6 3. Nf3 Nf6 4. e3 Bf5 5. Nc3 e6 6. Nh4 Be4 7. f3 Bg6 8. Qb3
Qc7 9. Bd2 Nbd7 10. Rc1 Be7 11. g3 dxc4 12. Bxc4 a6 13. O-O b5 14. Be2 c5 15Nxg6 hxg6 16. a4 Qd6 17. axb5 cxd4 18. Nb1 Nc5 19. Qc4 d3 20. Bd1 O-O 21. bxa6
Nxa6 22. Ba4 Qb6 23. Bb5 Nd5 24. Qxd3 Nc5 25. Qe2 Nb3 26. Rc6 Qb7 27. Rc2 Nxd2
28. Nxd2 Nxe3 29. Qxe3 Qxb5 30. Qb3 Qxb3 31. Nxb3 Rfc8 32. Rfc1 Rxc2 33. Rxc2
Bf6 34. Nd2 Rb8 35. Nc4 Rc8 36. b3 Rb8 37. Nd6 Be7 38. Rc8+ Rxc8 39. Nxc8 Bc5+
40. Kf1 Kf8 41. b4 Bxb4 42. Nb6 g5 43. Ke2 Ke7 44. Nc4 Bc5 45. Nd2 f6 46. Ne4
Bb6 47. Nd2 Kd7 48. Nc4 Bc5 49. h3 Bd6 50. g4 Kc6 51. Kd3 Kc5 52. Ne3 Bf4 53Nd1 Be5 54. Nf2 f5 55. gxf5 exf5 56. Ke2 Kd4 57. Nd3 Bd6 58. Nb2 g6 59. Nd3 Kd5
60. Kf1 Bc7 61. Ke2 1/2-1/2

[Event "Gibtelecom Masters 8th"]
[Site "Gibraltar"]
[Date "2010.01.27"]
[Round "2.11"]
[White "Bellon Lopez, Juan Manuel"]
[Black "Edouard, Romain"]
[Result "0-1"]
[WhiteElo "2440"]
[BlackElo "2608"]
[PlyCount "60"]
[EventDate "2010.01.26"]
[EventType "swiss"]
[EventRounds "10"]
[EventCountry "GGB"]
[SourceDate "2005.02.07"]

1. d4 Nf6 2. Bg5 Ne4 3. Bh4 c5 4. f3 g5 5. fxe4 gxh4 6. Nc3 cxd4 7. Qxd4 Rg8 8e5 Nc6 9. Qe4 d5 10. exd6 Qxd6 11. Rd1 Qb4 12. Qxb4 Nxb4 13. Nb5 Na6 14. Nf3
Bh6 15. Kf2 Bd7 16. e3 Rc8 17. Nxa7 Rxc2+ 18. Rd2 Rxd2+ 19. Nxd2 Rg5 20. Bxa6
bxa6 21. Rc1 h3 22. gxh3 Bxh3 23. Nc4 Be6 24. Nc6 Bd5 25. N6a5 Rg2+ 26. Ke1
Rxh2 27. Rc3 f6 28. a4 Bf3 29. Nd2 Re2+ 30. Kd1 Bg4 0-1

[Event "Gibtelecom Masters 8th"]
[Site "Gibraltar"]
[Date "2010.01.27"]
[Round "2.12"]
[White "Istratescu, Andrei"]
[Black "Hirneise, Tobias"]
[Result "0-1"]
[WhiteElo "2607"]
[BlackElo "2421"]
[PlyCount "92"]
[EventDate "2010.01.26"]
[EventType "swiss"]
[EventRounds "10"]
[EventCountry "GGB"]
[SourceDate "2005.02.07"]

1. c4 c5 2. Nc3 g6 3. g3 Bg7 4. Bg2 Nc6 5. Nf3 e5 6. O-O Nge7 7. Ne1 O-O 8. Nc2
d6 9. d3 Be6 10. Ne3 Rb8 11. Ned5 Qd7 12. Bg5 f6 13. Bd2 Bh3 14. Nxe7+ Nxe7 15e4 Bxg2 16. Kxg2 a6 17. a4 b6 18. Rb1 a5 19. h4 f5 20. f3 Rf7 21. b3 Rbf8 22Rf2 f4 23. Qh1 fxg3 24. Kxg3 h5 25. Rbf1 Nc6 26. Be3 Nd4 27. Bxd4 cxd4 28. Nd5
Bh6 29. Kh2 Bf4+ 30. Nxf4 Rxf4 31. Kg1 Kh7 32. Rh2 Qg4+ 33. fxg4 Rxf1+ 34. Kg2
Rxh1 35. Rxh1 hxg4 36. b4 Rf3 37. bxa5 bxa5 38. c5 dxc5 39. Rc1 Kh6 40. Rxc5
Kh5 41. Rxe5+ Kxh4 42. Re8 Rxd3 43. Rh8+ Kg5 44. e5 Kf5 45. Ra8 Kxe5 46. Rxa5+
Kf4 0-1

[Event "Gibtelecom Masters 8th"]
[Site "Gibraltar"]
[Date "2010.01.27"]
[Round "2.13"]
[White "Gopal, Geetha Narayanan"]
[Black "Nezad, Husein Aziz"]
[Result "1-0"]
[WhiteElo "2584"]
[BlackElo "2408"]
[PlyCount "79"]
[EventDate "2010.01.26"]
[EventType "swiss"]
[EventRounds "10"]
[EventCountry "GGB"]
[SourceDate "2005.02.07"]

1. e4 e5 2. Nf3 Nc6 3. Bb5 Nge7 4. O-O g6 5. c3 a6 6. Bc4 b5 7. Bb3 Bg7 8. d4
exd4 9. cxd4 O-O 10. Nc3 Na5 11. Bc2 d6 12. h3 c5 13. Bg5 h6 14. Bh4 g5 15. Bg3
cxd4 16. Nxd4 Nc4 17. Rb1 Bb7 18. Nd5 Bxd5 19. exd5 Qb6 20. Qd3 Rfe8 21. Rfd1
Bxd4 22. Qxd4 Qxd4 23. Rxd4 Rac8 24. Re1 Kg7 25. Bd3 Nxb2 26. Bxd6 Nxd3 27Rxd3 Ng6 28. Rxe8 Rxe8 29. Bc7 Re1+ 30. Kh2 Ne5 31. Ra3 Nc4 32. Rxa6 Rd1 33. d6
Nd2 34. Kg3 f5 35. f3 Nf1+ 36. Kf2 f4 37. Ke2 Ne3 38. Ba5 Kf7 39. Ra7+ Ke6 40Re7+ 1-0

[Event "Gibtelecom Masters 8th"]
[Site "Gibraltar"]
[Date "2010.01.27"]
[Round "2.14"]
[White "Halkias, Stelios"]
[Black "Houska, Jovanka"]
[Result "1-0"]
[WhiteElo "2566"]
[BlackElo "2401"]
[PlyCount "73"]
[EventDate "2010.01.26"]
[EventType "swiss"]
[EventRounds "10"]
[EventCountry "GGB"]
[SourceDate "2005.02.07"]

1. d4 d5 2. c4 c6 3. Nc3 Nf6 4. Bg5 e6 5. e3 Be7 6. Nf3 h6 7. Bh4 O-O 8. Bd3
dxc4 9. Bxc4 Nbd7 10. O-O b5 11. Bd3 Bb7 12. Rc1 a6 13. a4 Rc8 14. Qe2 b4 15Bxf6 Nxf6 16. Ne4 Nxe4 17. Bxe4 Bd6 18. Rc2 Qa5 19. b3 f5 20. Bd3 c5 21. Bc4
Rf6 22. dxc5 Rxc5 23. Rd2 Bb8 24. Rfd1 Kh7 25. Rd7 Rc7 26. Rd8 Rc8 27. Rxc8
Bxc8 28. e4 Bb7 29. exf5 e5 30. Rd7 Bc6 31. Ng5+ Kh8 32. Nf7+ Kh7 33. Rd8 Rxf7
34. Rxb8 Rxf5 35. Bg8+ Kg6 36. Qg4+ Rg5 37. Qe6+ 1-0

[Event "Gibtelecom Masters 8th"]
[Site "Gibraltar"]
[Date "2010.01.27"]
[Round "2.15"]
[White "Battaglini, Gabriel"]
[Black "Lenderman, Alex"]
[Result "1-0"]
[WhiteElo "2411"]
[BlackElo "2560"]
[PlyCount "73"]
[EventDate "2010.01.26"]
[EventType "swiss"]
[EventRounds "10"]
[EventCountry "GGB"]
[SourceDate "2005.02.07"]

1. d4 Nf6 2. c4 e6 3. Nc3 Bb4 4. Qc2 Nc6 5. Nf3 d6 6. a3 Bxc3+ 7. Qxc3 a5 8Bg5 h6 9. Bh4 a4 10. e3 Qe7 11. Nd2 e5 12. d5 Nb8 13. Bd3 Na6 14. f4 Nc5 15O-O O-O 16. Bc2 Re8 17. fxe5 Qxe5 18. Qxe5 Rxe5 19. Bxf6 gxf6 20. Rxf6 Bd7 21e4 Kg7 22. Raf1 Be8 23. R6f4 Ra6 24. Nf3 Re7 25. Rg4+ Kh8 26. Nd4 h5 27. Rg3
Nd7 28. Rh3 f6 29. Ne6 Nc5 30. e5 Rxe6 31. dxe6 dxe5 32. Rxf6 Kg7 33. Rf5 Rxe6
34. Rg3+ Kh6 35. Rf8 Bg6 36. Rh8+ Kg7 37. Rxh5 1-0

[Event "Gibtelecom Masters 8th"]
[Site "Gibraltar"]
[Date "2010.01.27"]
[Round "2.16"]
[White "Tania, Sachdev"]
[Black "Malakhatko, Vadim"]
[Result "1/2-1/2"]
[WhiteElo "2398"]
[BlackElo "2549"]
[PlyCount "66"]
[EventDate "2010.01.26"]
[EventType "swiss"]
[EventRounds "10"]
[EventCountry "GGB"]
[SourceDate "2005.02.07"]

1. d4 Nf6 2. c4 e6 3. Nf3 b6 4. g3 Ba6 5. Qc2 Bb7 6. Bg2 Bb4+ 7. Bd2 c5 8. Bxb4
cxb4 9. Nbd2 O-O 10. e4 Qc7 11. e5 Ne8 12. O-O f6 13. Rae1 Na6 14. Qb3 Rc8 15a3 fxe5 16. Nxe5 Bxg2 17. Kxg2 bxa3 18. Qxa3 Nb8 19. b4 Nf6 20. Kg1 a6 21. Qd3
Nc6 22. Nxc6 Qxc6 23. Re5 Qd6 24. b5 axb5 25. Rxb5 Rc5 26. Rb3 Rh5 27. Ne4 Nxe4
28. Qxe4 Rhf5 29. f4 g5 30. Rbf3 gxf4 31. Rxf4 Rxf4 32. Rxf4 Rxf4 33. gxf4 Qf8
1/2-1/2

[Event "Gibtelecom Masters 8th"]
[Site "Gibraltar"]
[Date "2010.01.27"]
[Round "2.17"]
[White "Degtiarev, Evgeny"]
[Black "Stefanova, Antoaneta"]
[Result "0-1"]
[WhiteElo "2374"]
[BlackElo "2545"]
[PlyCount "68"]
[EventDate "2010.01.26"]
[EventType "swiss"]
[EventRounds "10"]
[EventCountry "GGB"]
[SourceDate "2005.02.07"]

1. d4 d6 2. c4 e5 3. Nf3 e4 4. Ng5 f5 5. Nc3 Be7 6. Nh3 c6 7. e3 Nf6 8. Bd2 Na6
9. Qc2 Nc7 10. O-O-O d5 11. f3 O-O 12. Be2 Kh8 13. fxe4 fxe4 14. Nf2 Nfe8 15Ng4 Nd6 16. c5 Nf5 17. Rdf1 Bg5 18. Nd1 Ne6 19. Kb1 Kg8 20. Qc3 b6 21. cxb6
Qxb6 22. Ne5 c5 23. dxc5 Qc7 24. Ng4 Nxc5 25. h4 Be7 26. Be1 h5 27. Nh2 Bd6 28Bxh5 Ba6 29. Ng4 Bd3+ 30. Ka1 Bxf1 31. Rxf1 Nd3 32. Qxc7 Bxc7 33. Nc3 Ne7 34Rh1 Rf5 0-1

[Event "Gibtelecom Masters 8th"]
[Site "Gibraltar"]
[Date "2010.01.27"]
[Round "2.18"]
[White "Bhat, Vinay S"]
[Black "Solomon, Kenny"]
[Result "1/2-1/2"]
[WhiteElo "2540"]
[BlackElo "2368"]
[PlyCount "90"]
[EventDate "2010.01.26"]
[EventType "swiss"]
[EventRounds "10"]
[EventCountry "GGB"]
[SourceDate "2005.02.07"]

1. d4 Nf6 2. c4 e6 3. Nf3 b6 4. g3 Ba6 5. Qc2 Bb4+ 6. Bd2 Be7 7. e4 d5 8. cxd5
Bxf1 9. Kxf1 exd5 10. e5 Ne4 11. Nc3 Nxc3 12. bxc3 Qd7 13. h4 h6 14. Re1 Qe6
15. Ng1 Nc6 16. Ne2 O-O-O 17. Nf4 Qg4 18. Kg2 g5 19. hxg5 Bxg5 20. Nh5 Bxd2 21Qxd2 Ne7 22. Nf6 Qg5 23. Qxg5 hxg5 24. Rxh8 Rxh8 25. Rh1 Rxh1 26. Kxh1 c5 27Kg2 cxd4 28. cxd4 Nf5 29. Kf3 Nxd4+ 30. Kg4 Nc6 31. Nxd5 Kd7 32. Kf5 b5 33Kxg5 Nxe5 34. f4 Nc4 35. Kf6 Nd6 36. g4 a5 37. g5 b4 38. f5 Ne4+ 39. Kxf7 Nxg5+
40. Kg6 Nf3 41. f6 Kd6 42. Ne3 a4 43. Nc4+ Ke6 44. Kg7 Nd4 45. f7 Nf5+ 1/2-1/2

[Event "Gibtelecom Masters 8th"]
[Site "Gibraltar"]
[Date "2010.01.27"]
[Round "2.20"]
[White "Saravanan, Venkat"]
[Black "Bindrich, Falko"]
[Result "0-1"]
[WhiteElo "2356"]
[BlackElo "2512"]
[PlyCount "114"]
[EventDate "2010.01.26"]
[EventType "swiss"]
[EventRounds "10"]
[EventCountry "GGB"]
[SourceDate "2005.02.07"]

1. Nf3 d5 2. d4 Nf6 3. c4 e6 4. Nc3 dxc4 5. e3 a6 6. Bxc4 b5 7. Bd3 Bb7 8. O-Nbd7 9. Qe2 c5 10. Rd1 Qc7 11. e4 cxd4 12. Nxd4 Bd6 13. g3 b4 14. Na4 O-O 15b3 Nc5 16. Nxc5 Bxc5 17. Bb2 Rfd8 18. Rac1 Qb6 19. Nc2 Rxd3 20. Rxd3 Nxe4 21Bd4 Qc6 22. Qf3 Be7 23. Bb2 Qb6 24. Qe3 Nc5 25. f3 Qa5 26. Rd2 Qxa2 27. Nd4 Qa5
28. Nf5 Bf8 29. Nxg7 Nxb3 30. Qxb3 Bxg7 31. Bxg7 Kxg7 32. Rd4 Qb6 33. Qe3 Kf8
34. Kg2 Ke8 35. Rcd1 Qb5 36. Qd2 Bd5 37. Rxb4 Qc6 38. Qf4 a5 39. Rbd4 a4 40Qf6 Ra5 41. R1d2 Qd6 42. Rg4 Qe7 43. Qh8+ Kd7 44. Qc3 Ra8 45. Rc2 Qd6 46. Rg7
e5 47. Rd2 Ke6 48. Qe3 Rd8 49. Rb2 h5 50. Rh7 f6 51. Rb6 Bc6 52. Kh3 Rb8 53Ra6 Rb3 54. Qc1 Kd5 55. Rh6 Bd7+ 56. Kh4 Qxa6 57. Qd2+ Rd3 0-1

[Event "Gibtelecom Masters 8th"]
[Site "Gibraltar"]
[Date "2010.01.27"]
[Round "2.21"]
[White "Kapnisis, Spyridon"]
[Black "Calzetta Ruiz, Monica"]
[Result "1-0"]
[WhiteElo "2510"]
[BlackElo "2359"]
[PlyCount "61"]
[EventDate "2010.01.26"]
[EventType "swiss"]
[EventRounds "10"]
[EventCountry "GGB"]
[SourceDate "2005.02.07"]

1. d4 Nf6 2. c4 c5 3. e3 g6 4. Nc3 Bg7 5. Nf3 O-O 6. Be2 cxd4 7. exd4 d5 8. O-Nc6 9. h3 b6 10. Ne5 Bb7 11. Bf3 e6 12. Bg5 h6 13. Bxf6 Bxf6 14. cxd5 Nxe5 15dxe5 Bxe5 16. dxe6 Qxd1 17. exf7+ Kxf7 18. Bxd1 Rad8 19. Bb3+ Kg7 20. Rfe1 Rf5
21. g4 Bh2+ 22. Kf1 Re5 23. Rad1 Rxd1 24. Rxd1 Bc6 25. Bd5 Bxd5 26. Rxd5 Re7
27. Rd4 Rc7 28. Re4 Kf7 29. Kg2 Bd6 30. Nb5 Rc6 31. Rc4 1-0

[Event "Gibtelecom Masters 8th"]
[Site "Gibraltar"]
[Date "2010.01.27"]
[Round "2.22"]
[White "Sedina, Elena"]
[Black "Hoffmann, Michael"]
[Result "0-1"]
[WhiteElo "2335"]
[BlackElo "2508"]
[PlyCount "94"]
[EventDate "2010.01.26"]
[EventType "swiss"]
[EventRounds "10"]
[EventCountry "GGB"]
[SourceDate "2005.02.07"]

1. e4 c5 2. Nf3 g6 3. d4 Bg7 4. c3 cxd4 5. cxd4 d5 6. exd5 Nf6 7. Bc4 O-O 8Nc3 Nbd7 9. O-O Nb6 10. Bb3 Nbxd5 11. Re1 b6 12. Ne5 Bb7 13. Qf3 Rc8 14. Qh3 a6
15. Bg5 Rc7 16. Rad1 b5 17. Ng4 Nxg4 18. Qxg4 Nxc3 19. bxc3 h6 20. Bd2 Bd5 21Qg3 Rb7 22. h4 Bxb3 23. axb3 Qd5 24. b4 Rc8 25. Bf4 h5 26. Bg5 Bf6 27. Bxf6
exf6 28. Rd3 Kg7 29. Qf4 Rbc7 30. Rf3 Rc6 31. Re7 Qd8 32. Ree3 Rc4 33. Qe4 a5
34. bxa5 b4 35. cxb4 Rxd4 36. Qe7 Rxh4 37. Rh3 Rc1+ 38. Kh2 Qb8+ 39. Reg3 Rg4
40. a6 Ra1 41. Qe2 Rxg3 42. fxg3 Qb6 43. g4 Qg1+ 44. Kg3 Ra3+ 45. Kh4 g5+ 46Kxh5 Rxh3+ 47. gxh3 Qg3 0-1

[Event "Gibtelecom Masters 8th"]
[Site "Gibraltar"]
[Date "2010.01.27"]
[Round "2.23"]
[White "Dzagnidze, Nana"]
[Black "Nadig, Kruttika"]
[Result "1-0"]
[WhiteElo "2506"]
[BlackElo "2240"]
[PlyCount "65"]
[EventDate "2010.01.26"]
[EventType "swiss"]
[EventRounds "10"]
[EventCountry "GGB"]
[SourceDate "2005.02.07"]

1. d4 d5 2. c4 c6 3. Nf3 Nf6 4. Nc3 dxc4 5. a4 e6 6. e3 c5 7. Bxc4 Nc6 8. O-cxd4 9. exd4 Be7 10. Be3 O-O 11. Ne5 Nd5 12. Nxd5 exd5 13. Bd3 g6 14. f4 Bf6
15. Rc1 Qb6 16. Qd2 Ne7 17. b4 Qd6 18. g4 a6 19. f5 Re8 20. Rce1 Nc6 21. Nxf7
Qxb4 22. fxg6 Qxd2 23. Bxd2 Rxe1 24. gxh7+ Kxf7 25. Bxe1 Bxg4 26. Bh4 Nb4 27Bb1 Be2 28. Rxf6+ Kg7 29. Rg6+ Kf7 30. Rf6+ Kg7 31. Rb6 Nd3 32. Rxb7+ Kg6 33Rb3 1-0

[Event "Gibtelecom Masters 8th"]
[Site "Gibraltar"]
[Date "2010.01.27"]
[Round "2.24"]
[White "Gandrud, Vegar Koi"]
[Black "Javakhishvili, Lela"]
[Result "1/2-1/2"]
[WhiteElo "2158"]
[BlackElo "2493"]
[PlyCount "63"]
[EventDate "2010.01.26"]
[EventType "swiss"]
[EventRounds "10"]
[EventCountry "GGB"]
[SourceDate "2005.02.07"]

1. d4 Nf6 2. c4 e6 3. Nf3 b6 4. g3 Ba6 5. Qc2 Bb7 6. Bg2 Bb4+ 7. Nbd2 Be4 8Qb3 Bxd2+ 9. Bxd2 O-O 10. O-O d6 11. Rfd1 h6 12. Qe3 a5 13. Bc3 Nbd7 14. b3 Qe7
15. Bh3 Rfe8 16. Rac1 Ra6 17. Bb2 c5 18. Nd2 Bg6 19. Bg2 a4 20. Nb1 Bxb1 21Rxb1 Rd8 22. Qc3 Nb8 23. b4 cxd4 24. Rxd4 Ra7 25. Rd2 Ne8 26. Rc1 Rc8 27. Qe3
Nd7 28. Ba3 Rac7 29. Rdc2 Qf6 30. Bb2 Qd8 31. Bd4 b5 32. c5 1/2-1/2

[Event "Gibtelecom Masters 8th"]
[Site "Gibraltar"]
[Date "2010.01.27"]
[Round "2.25"]
[White "Shankland, Samuel L"]
[Black "Haarr, Jon Kristian"]
[Result "1-0"]
[WhiteElo "2491"]
[BlackElo "2157"]
[PlyCount "65"]
[EventDate "2010.01.26"]
[EventType "swiss"]
[EventRounds "10"]
[EventCountry "GGB"]
[SourceDate "2005.02.07"]

1. d4 Nf6 2. Nf3 d5 3. c4 c6 4. e3 e6 5. b3 Nbd7 6. Bb2 Bb4+ 7. Nbd2 Ne4 8. a3
Bd6 9. Nxe4 dxe4 10. Nd2 f5 11. Be2 O-O 12. O-O e5 13. c5 Bc7 14. Nc4 exd4 15Qxd4 Nf6 16. Nd6 Bxd6 17. cxd6 Be6 18. Bc4 Bd5 19. Bxd5+ cxd5 20. a4 Rf7 21Ba3 Qd7 22. Rac1 f4 23. exf4 Qg4 24. Rc7 Rxc7 25. dxc7 Qxf4 26. Rc1 Rc8 27. Rc3
h6 28. h3 Kh7 29. Be7 Ne8 30. Qxd5 Nxc7 31. Qd6 g5 32. Qd7 Qd2 33. Qxd2 1-0

[Event "Gibtelecom Masters 8th"]
[Site "Gibraltar"]
[Date "2010.01.27"]
[Round "2.26"]
[White "Bacrot, Etienne"]
[Black "Molina, Antonio"]
[Result "1-0"]
[WhiteElo "2713"]
[BlackElo "2148"]
[PlyCount "73"]
[EventDate "2010.01.26"]
[EventType "swiss"]
[EventRounds "10"]
[EventCountry "GGB"]
[SourceDate "2005.02.07"]

1. g3 g6 2. Bg2 Bg7 3. d4 Nf6 4. e4 d6 5. Ne2 O-O 6. O-O Nbd7 7. Nbc3 c5 8. h3
Rb8 9. Be3 b6 10. g4 h6 11. Qd2 Kh7 12. f4 cxd4 13. Nxd4 Bb7 14. Rae1 Rc8 15Nde2 Ne8 16. h4 e5 17. g5 exf4 18. Bxf4 hxg5 19. Bxg5 f6 20. Bf4 Ne5 21. Nd4
Nc7 22. h5 g5 23. Bg3 Qe8 24. Qd1 Rd8 25. Nd5 Nxd5 26. exd5 Bc8 27. Be4+ Kh6
28. Bg6 Qa4 29. Bf5 Bxf5 30. Nxf5+ Kh7 31. b3 Qd7 32. c4 Qf7 33. Re2 Qc7 34Ref2 Kg8 35. h6 Bh8 36. h7+ Kf7 37. Bxe5 1-0

[Event "Gibtelecom Masters 8th"]
[Site "Gibraltar"]
[Date "2010.01.27"]
[Round "2.27"]
[White "Daoudi, Kamal"]
[Black "Lopez Martinez, Josep Manu"]
[Result "0-1"]
[WhiteElo "2142"]
[BlackElo "2593"]
[PlyCount "86"]
[EventDate "2010.01.26"]
[EventType "swiss"]
[EventRounds "10"]
[EventCountry "GGB"]
[SourceDate "2005.02.07"]

1. e4 c5 2. Nf3 e6 3. d4 cxd4 4. Nxd4 a6 5. Nc3 d6 6. g3 b6 7. Bg2 Bb7 8. O-Nd7 9. f4 Rc8 10. Qe2 Be7 11. Be3 Qc7 12. Rad1 Qc4 13. Qxc4 Rxc4 14. Nb3 Ngf6
15. Nd2 Rc7 16. h3 O-O 17. g4 h6 18. Rf2 b5 19. a3 Rfc8 20. Nb3 Rxc3 21. bxc3
Nxe4 22. Bxe4 Bxe4 23. Nd2 Bxc2 24. Rc1 Bd3 25. Nf3 d5 26. Ra2 Nc5 27. Nd4 Na4
28. Bd2 g5 29. fxg5 hxg5 30. Kf2 Bc4 31. Raa1 Nc5 32. Rh1 Ne4+ 33. Ke1 Bd6 34Be3 Bg3+ 35. Kd1 Nxc3+ 36. Kc2 Ne4 37. Kb2 Be5 38. Rad1 a5 39. h4 gxh4 40. Rxh4
b4 41. axb4 axb4 42. Rh5 Bg7 43. g5 Be2 0-1

[Event "Gibtelecom Masters 8th"]
[Site "Gibraltar"]
[Date "2010.01.27"]
[Round "2.28"]
[White "Lemos, Damian"]
[Black "Thingstad, Even"]
[Result "1-0"]
[WhiteElo "2552"]
[BlackElo "2141"]
[PlyCount "87"]
[EventDate "2010.01.26"]
[EventType "swiss"]
[EventRounds "10"]
[EventCountry "GGB"]
[SourceDate "2005.02.07"]

1. d4 Nf6 2. c4 e6 3. Nc3 Bb4 4. Qc2 d5 5. cxd5 exd5 6. Bg5 h6 7. Bxf6 Qxf6 8e3 c6 9. a3 Bd6 10. Nxd5 Qd8 11. Nc3 Be6 12. Bd3 Nd7 13. Nf3 O-O 14. Bh7+ Kh8
15. Bf5 Qf6 16. Bxe6 Qxe6 17. O-O f5 18. Rad1 Nf6 19. d5 cxd5 20. Nd4 Qe5 21g3 Rac8 22. Nxf5 Rfd8 23. Nh4 Qe6 24. Qd3 Bc5 25. Ng6+ Kg8 26. Nf4 Qe5 27Ncxd5 Nxd5 28. Qb3 b6 29. Nxd5 Kh8 30. Nf4 Qf6 31. Ne6 Re8 32. Nf4 Red8 33Rxd8+ Rxd8 34. Qc2 Bf8 35. e4 Bd6 36. Nd5 Qe6 37. Rc1 Bc5 38. Kg2 Qe5 39. b4
Bd4 40. Rd1 g5 41. Ne3 Re8 42. Ng4 Qxe4+ 43. Qxe4 Rxe4 44. Kf3 1-0

[Event "Gibtelecom Masters 8th"]
[Site "Gibraltar"]
[Date "2010.01.27"]
[Round "2.30"]
[White "Cramling, Pia"]
[Black "Popa-Matei, Viorel-Ovidiu"]
[Result "1-0"]
[WhiteElo "2528"]
[BlackElo "2137"]
[PlyCount "73"]
[EventDate "2010.01.26"]
[EventType "swiss"]
[EventRounds "10"]
[EventCountry "GGB"]
[SourceDate "2005.02.07"]

1. c4 e5 2. g3 Nf6 3. Bg2 Be7 4. Nc3 O-O 5. Nf3 d6 6. d4 exd4 7. Nxd4 c6 8. O-Nbd7 9. b3 Re8 10. Bb2 Ne5 11. Qc2 Bf8 12. Rad1 Bd7 13. Nf5 Qc7 14. h3 d5 15cxd5 cxd5 16. Nd4 Rac8 17. Qb1 Qa5 18. Rc1 Bb4 19. Qa1 Ne4 20. Nxe4 dxe4 21Rxc8 Bxc8 22. Nc2 Bd6 23. Rd1 Qc7 24. Ne3 f5 25. Nd5 Qb8 26. Bd4 b6 27. Qc3 Bb7
28. Ne3 g6 29. Nc4 Nxc4 30. Qxc4+ Kf8 31. Bc3 Ke7 32. Qd4 Rf8 33. e3 Rf7 34Bf1 Qc7 35. Bc4 Bc5 36. Qh8 Bxe3 37. Bf6+ 1-0

[Event "Gibtelecom Masters 8th"]
[Site "Gibraltar"]
[Date "2010.01.27"]
[Round "2.31"]
[White "Speelman, Jonathan"]
[Black "Osuna Vega, Enrique"]
[Result "1-0"]
[WhiteElo "2535"]
[BlackElo "2128"]
[PlyCount "49"]
[EventDate "2010.01.26"]
[EventType "swiss"]
[EventRounds "10"]
[EventCountry "GGB"]
[SourceDate "2005.02.07"]

1. e4 c5 2. Nf3 e6 3. c3 Nc6 4. d4 d5 5. exd5 exd5 6. Bb5 Bd6 7. O-O Nge7 8dxc5 Bxc5 9. Nbd2 h6 10. Nb3 Bd6 11. h3 Bd7 12. Re1 O-O 13. Be3 b6 14. Bd3 Nf5
15. Nbd4 Nxe3 16. Rxe3 Qf6 17. Bb5 Bc5 18. Bxc6 Bxc6 19. Ne5 Be8 20. Qd3 Rd8
21. Rae1 Bd7 22. Rf3 Qg5 23. Rg3 Qh4 24. Nxd7 Rxd7 25. Rxg7+ 1-0

[Event "Gibtelecom Masters 8th"]
[Site "Gibraltar"]
[Date "2010.01.27"]
[Round "2.32"]
[White "Karavade, Eesha"]
[Black "Collier, David O"]
[Result "1-0"]
[WhiteElo "2405"]
[BlackElo "2118"]
[PlyCount "67"]
[EventDate "2010.01.26"]
[EventType "swiss"]
[EventRounds "10"]
[EventCountry "GGB"]
[SourceDate "2005.02.07"]

1. Nf3 d5 2. d4 c6 3. e3 Nf6 4. c4 e6 5. Nc3 Nbd7 6. Qc2 Bd6 7. Bd3 O-O 8. O-Re8 9. Rd1 Qe7 10. e4 dxe4 11. Nxe4 Nxe4 12. Bxe4 h6 13. Re1 Rb8 14. Bd2 c5 15Bc3 b6 16. Rad1 Bb7 17. d5 Nf8 18. b3 Qc7 19. dxe6 Rxe6 20. Bxb7 Rxb7 21. Rxe6
Nxe6 22. Qe4 Rb8 23. g3 Rd8 24. Kg2 Qe7 25. Kf1 Bc7 26. Rd5 Bd6 27. Nh4 Nc7 28Qg4 Qf8 29. Rh5 Kh7 30. Nf5 Ne6 31. Qe4 Kg8 32. Nxg7 Nxg7 33. Rxh6 f5 34. Qd5+
1-0

[Event "Gibtelecom Masters 8th"]
[Site "Gibraltar"]
[Date "2010.01.27"]
[Round "2.33"]
[White "Valgmae, Toomas"]
[Black "Naumann, Alexander"]
[Result "0-1"]
[WhiteElo "2117"]
[BlackElo "2525"]
[PlyCount "126"]
[EventDate "2010.01.26"]
[EventType "swiss"]
[EventRounds "10"]
[EventCountry "GGB"]
[SourceDate "2005.02.07"]

1. d4 Nf6 2. c4 e6 3. Nc3 Bb4 4. Qb3 c5 5. Nf3 Nc6 6. dxc5 Ne4 7. Bd2 Nxd2 8Nxd2 Bxc5 9. e3 O-O 10. Be2 b6 11. Nde4 f5 12. Nxc5 bxc5 13. O-O Rb8 14. Qc2
Ne5 15. f4 Nf7 16. Bf3 g5 17. g3 Qf6 18. Rad1 Kh8 19. Rf2 gxf4 20. gxf4 Rg8+
21. Kh1 Nh6 22. Nb5 Ng4 23. Bxg4 Rxg4 24. Nd6 Ba6 25. Rg2 Rxg2 26. Qxg2 Rg8 27Qf2 Rg7 28. Rg1 Kg8 29. Rxg7+ Qxg7 30. Qg2 Qxg2+ 31. Kxg2 Kf8 32. e4 fxe4 33Nxe4 Bxc4 34. Nxc5 Bd5+ 35. Kf2 d6 36. Nd3 Bxa2 37. Ke3 Bc4 38. Nf2 Ke7 39. Kd4
Bb5 40. b4 Bc6 41. Ng4 Bf3 42. Ne3 Be2 43. Ke4 Kf6 44. Kd4 Kg6 45. Ke4 Ba6 46Kd4 Bb5 47. Ke4 Kh5 48. Kd4 Bc6 49. Nc4 Kg4 50. Ke3 Kh3 51. Nxd6 Kxh2 52. Kf2
Kh3 53. f5 exf5 54. Nxf5 Kg4 55. Ne7 Bb5 56. Nd5 Kf5 57. Kg3 Ke5 58. Nc3 a6 59Kf2 Kd4 60. Nd1 Kc4 61. Ke2 Kxb4+ 62. Kd2 Kb3 63. Kc1 Bd3 0-1